[Event "DVM U14w 2010"]
[Site "Templin OT Groß Dölln GER"]
[Date "2010.12.27"]
[Round "1"]
[White "Atabay, Hatun"]
[Black "Schlemmer, Elisabeth"]
[Result "1-0"]
[Termination "normal"]
[Board "6.4"]
[WhiteElo "800"]
[BlackElo "999"]
[WhiteTeam "SK Freiburg-Zähringen 1887 e.V."]
[BlackTeam "SV Muldental Wilkau-Haßlau"]
[PlyCount "65"]
[WhiteFideId "12929603"]
[EventCountry "GER"]
[EventRounds "7"]
[EventType "team-swiss"]
[EventDate "2010.12.26"]

1. e4 c5 2. Nf3 Nc6 3. Nc3 g6 4. Bb5 Bg7 5. Bxc6 bxc6 6. d4 cxd4 7. Nxd4 c5 8.
Ndb5 a6 9. Na3 d6 10. O-O Nf6 11. e5 Ng4 12. exd6 exd6 13. Qd5 Be6 14. Qe4 O-O
15. Be3 Qh4 16. h3 Be5 17. Bf4 Nf6 18. Qf3 Bxf4 19. Rad1 Be5 20. Rd3 Ng4 21.
Kh1 Nh2 22. Qe2 Nxf1 23. Qxf1 Rac8 24. b3 Bd7 25. Nd5 Kh8 26. Nc4 Rfe8 27. Nxe5
Rxe5 28. f4 Re4 29. Kh2 Bf5 30. Rg3 Rce8 31. Qxa6 Re2 32. Qxd6 R8e6 33. Qf8#
1-0

[Event "DVM U14w 2010"]
[Site "Templin OT Groß Dölln GER"]
[Date "2010.12.29"]
[Round "5"]
[White "Lemke, Berfîn"]
[Black "Polert, Annika"]
[Result "1-0"]
[Termination "normal"]
[Board "1.1"]
[WhiteElo "1509"]
[BlackElo "1703"]
[WhiteTeam "SC Diogenes"]
[BlackTeam "TuRa Harksheide"]
[PlyCount "93"]
[WhiteFideId "1270578"]
[BlackFideId "24692328"]
[EventCountry "GER"]
[EventRounds "7"]
[EventType "team-swiss"]
[EventDate "2010.12.26"]

1. e4 d6 2. d4 Nf6 3. Nc3 g6 4. f4 Bg7 5. Nf3 O-O 6. Bd3 c6 7. O-O b5 8. Qe1 a5
9. Qh4 Qd7 10. f5 e5 11. dxe5 dxe5 12. Bg5 Qd6 13. Rad1 Qc5+ 14. Kh1 Nbd7 15.
Bh6 Bb7 16. Bxg7 Kxg7 17. Ng5 Rh8 18. Be2 Rad8 19. Bg4 Nxg4 20. Qxg4 Nf6 21.
Qf3 Rxd1 22. Rxd1 Qe7 23. Qd3 Ng4 24. Qd2 Qc5 25. Rf1 Nf6 26. a3 Qe7 $11 27.
Qf2 Rd8 28. Rd1 Rxd1+ 29. Nxd1 Ng4 30. Qd2 a4 31. h3 Nf6 32. Nc3 Bc8 33. fxg6
hxg6 34. Nf3 Bb7 35. Qg5 b4 36. axb4 Qxb4 37. Qxe5 Qxb2 38. Nxa4 Qxc2 39. Nc5
Qb1+ 40. Kh2 Qb6 41. Ng5 Bc8 42. Qe7 Qb8+ 43. e5 Nd5 44. Qxf7+ Kh6 45. Qf8+ Kh5
46. g4+ Kxg5 47. Ne4+ 1-0

[Event "DVM U14w 2010"]
[Site "Templin OT Groß Dölln GER"]
[Date "2010.12.29"]
[Round "5"]
[White "Diederichs, Luise"]
[Black "Hölzer, Jeanette"]
[Result "1-0"]
[Termination "normal"]
[Board "1.2"]
[WhiteElo "1714"]
[BlackElo "1286"]
[WhiteTeam "TuRa Harksheide"]
[BlackTeam "SC Diogenes"]
[PlyCount "81"]
[WhiteFideId "24661597"]
[BlackFideId "12917982"]
[EventCountry "GER"]
[EventRounds "7"]
[EventType "team-swiss"]
[EventDate "2010.12.26"]

1. c4 Nf6 2. Nc3 g6 3. e4 d6 4. h3 Bg7 5. g3 O-O 6. Bg2 Nc6 7. Nge2 e5 8. d3
Ne8 9. Be3 f5 10. exf5 gxf5 11. Qd2 Be6 12. Nd5 Nf6 13. Bg5 Rf7 14. O-O Qf8 15.
f4 Bxd5 16. cxd5 Ne7 17. fxe5 dxe5 18. Nc3 h6 19. Be3 Kh7 20. Bc5 Nd7 21. Ba3
Rd8 22. d6 cxd6 23. Bxd6 b6 24. Nd5 Re8 25. Bxe7 Rexe7 26. Nxe7 Qxe7 27. Rae1
Qd6 28. Kh1 Nc5 29. Rd1 Kg6 30. b4 Na6 31. a3 Nc7 32. Rc1 e4 33. Qd1 Qxd3 34.
Qxd3 exd3 35. Rc6+ Kh7 36. Rd6 Be5 37. Rxd3 Rg7 38. Rxf5 Bxg3 39. Be4 Kg8 40.
Rd8+ Kh7 41. Rf7# 1-0

[Event "DVM U14w 2010"]
[Site "Templin OT Groß Dölln GER"]
[Date "2010.12.29"]
[Round "5"]
[White "Schramm, Anna-Lena"]
[Black "Nöldemann, Celine"]
[Result "1-0"]
[Termination "normal"]
[Board "1.4"]
[WhiteElo "1008"]
[BlackElo "899"]
[WhiteTeam "TuRa Harksheide"]
[BlackTeam "SC Diogenes"]
[PlyCount "87"]
[WhiteFideId "12918237"]
[BlackFideId "12929476"]
[EventCountry "GER"]
[EventRounds "7"]
[EventType "team-swiss"]
[EventDate "2010.12.26"]

1. e4 e5 2. Nf3 Nc6 3. Nc3 Nf6 4. Bb5 Bb4 5. d3 d6 6. Bd2 Bxc3 7. Bxc3 O-O 8.
O-O Qe7 9. Bd2 Nd8 10. Qe2 Bg4 11. Qe3 Bxf3 12. Qxf3 Ne6 13. c3 c6 14. Ba4 d5
15. Bb3 dxe4 16. dxe4 Rad8 17. Rad1 h6 18. Qg3 Nxe4 19. Qe3 Nxd2 20. Rxd2 Nf4
21. Rfd1 Qg5 22. g3 Rde8 23. Bc4 Nh3+ 24. Kg2 Nf4+ 25. Kf1 Ne6 26. Qxa7 b5 27.
Be2 f5 28. Rd6 Qf6 29. Rxc6 Rd8 30. Rcd6 Rxd6 31. Rxd6 Rd8 32. Rc6 f4 33. Bxb5
Rd1+ 34. Kg2 f3+ 35. Kh3 Qf5+ 36. g4 Ng5+ 37. Kh4 Qf4 38. Kh5 Kh7 39. Rxh6+ Kg8
40. Qb8+ Kf7 41. Qc7+ Kg8 42. Bc4+ Nf7 43. Qc8+ Rd8 44. Qxd8# 1-0

[Event "DVM U14w 2010"]
[Site "Templin OT Groß Dölln GER"]
[Date "2010.12.29"]
[Round "5"]
[White "Manusina, Nicole"]
[Black "Hartewig, Anja"]
[Result "1-0"]
[Termination "normal"]
[Board "2.1"]
[WhiteElo "1751"]
[BlackElo "1404"]
[WhiteTeam "SG Oesede-Georgsmarienhütte"]
[BlackTeam "Chemnitzer SC Aufbau`95"]
[PlyCount "141"]
[WhiteFideId "24657514"]
[BlackFideId "12917966"]
[EventCountry "GER"]
[EventRounds "7"]
[EventType "team-swiss"]
[EventDate "2010.12.26"]

1. d4 d5 2. c4 e6 3. Nc3 Nf6 4. cxd5 exd5 5. Bg5 Nbd7 6. e3 c6 7. Bd3 Qa5 8.
Qc2 Bb4 9. Nge2 O-O 10. O-O h6 11. Bh4 Re8 12. Bg3 Qd8 13. a3 Bf8 14. b4 Nb6
15. Rfb1 a6 16. a4 Be6 17. b5 axb5 18. axb5 Rxa1 19. Rxa1 Nbd7 20. bxc6 bxc6
21. Na4 Qc8 22. Nc5 Nxc5 23. dxc5 Qd7 24. Nd4 Rc8 25. Ra6 Qe8 26. h3 Nd7 27.
Rxc6 Rxc6 28. Nxc6 Nxc5 29. Nd4 Nxd3 30. Qxd3 Qd7 31. Qa6 Qc8 32. Qxc8 Bxc8 33.
Kf1 Bb4 34. f3 Kf8 35. Kf2 g6 36. Be5 h5 37. Bf4 Bb7 38. g4 hxg4 39. hxg4 Bc3
40. Nb5 Bb4 41. Nd4 Bc3 42. Be5 Bb4 43. Nc2 Bc5 $11 44. f4 Ke7 45. Ke2 Ba6+ 46.
Kf2 Bb7 47. Bd4 Bxd4 48. Nxd4 Kf6 49. Nf3 Kg7 50. Nd4 Kh6 51. Nf3 Kg7 52. Ke2
Kf6 53. Kd3 Ke6 54. Kd4 f5 55. g5 Kf7 56. Ne5+ Kg7 57. Nd7 Kf7 58. Ke5 Ke7 59.
Nf6 Kd8 60. Ke6 Kc7 61. Kf7 Kd6 62. Kxg6 Bc8 63. Kg7 Ba6 64. g6 Bc4 65. Kh6 Kc5
66. g7 d4 67. exd4+ Kxd4 68. g8=Q Bxg8 69. Nxg8 Ke3 70. Kg5 Ke4 71. Nh6 1-0

[Event "DVM U14w 2010"]
[Site "Templin OT Groß Dölln GER"]
[Date "2010.12.29"]
[Round "5"]
[White "Nitzsche, Pia"]
[Black "Böhm, Jana"]
[Result "0-1"]
[Termination "normal"]
[Board "2.2"]
[WhiteElo "1522"]
[BlackElo "1442"]
[WhiteTeam "Chemnitzer SC Aufbau`95"]
[BlackTeam "SG Oesede-Georgsmarienhütte"]
[PlyCount "118"]
[WhiteFideId "12900370"]
[BlackFideId "24661589"]
[EventCountry "GER"]
[EventRounds "7"]
[EventType "team-swiss"]
[EventDate "2010.12.26"]

1. c4 {[%emt 0:00:00]} Nf6 {[%emt 0:00:00]} 2. Nc3 g6 3. Nf3 d5 4. cxd5 Nxd5 5.
d3 Nxc3 6. bxc3 Bg7 7. Bd2 O-O 8. g3 c5 9. Bg2 Nc6 10. O-O Qc7 11. Qc1 Rd8 12.
Rb1 Bf5 13. c4 Rd7 14. Bc3 e5 15. Rd1 Rad8 16. Qb2 b6 17. Ng5 h6 18. Ne4 Be6
19. Qa1 f5 20. Nd2 Nd4 21. Bxd4 Rxd4 22. Qb2 e4 23. Qc2 exd3 24. exd3 Rxd3 25.
Bf1 Rc3 26. Qa4 Qb7 27. Bg2 Qf7 28. Bf1 Qd7 29. Qa6 Qf7 30. Qa4 Rd7 31. Qa6 Rc2
32. Nf3 Rxd1 33. Rxd1 Bxc4 34. Bxc4 Qxc4 35. Qxa7 Qe2 36. Qa8+ Kh7 37. Rf1 Rxa2
38. Qd5 c4 39. Qd1 Qxd1 40. Rxd1 Ra1 41. Rxa1 Bxa1 42. Kf1 Kg7 43. Ne1 Kf6 44.
Nc2 Bc3 45. Ne1 Ba1 46. Ke2 Bc3 47. Nc2 Ke6 48. f3 Kd5 49. Kd1 b5 50. Na3 b4
51. Nb1 Kd4 52. Kc2 b3+ 53. Kc1 Kd3 54. g4 fxg4 55. fxg4 Be5 56. h4 c3 57. Na3
c2 58. Nxc2 bxc2 59. h5 Bf4+ 0-1

[Event "DVM U14w 2010"]
[Site "Templin OT Groß Dölln GER"]
[Date "2010.12.29"]
[Round "5"]
[White "Hinzke, Anna-Lena"]
[Black "Kempe, Anne"]
[Result "0-1"]
[Termination "normal"]
[Board "2.3"]
[WhiteElo "1068"]
[BlackElo "1391"]
[WhiteTeam "SG Oesede-Georgsmarienhütte"]
[BlackTeam "Chemnitzer SC Aufbau`95"]
[PlyCount "74"]
[WhiteFideId "12928704"]
[BlackFideId "12918083"]
[EventCountry "GER"]
[EventRounds "7"]
[EventType "team-swiss"]
[EventDate "2010.12.26"]

1. f4 d5 2. b3 Nf6 3. Bb2 g6 4. Nf3 Bg7 5. e3 c5 6. Be2 Nc6 7. O-O O-O 8. h3 d4
9. c4 d3 10. Nc3 dxe2 11. Qxe2 b6 12. g4 Nb4 13. d4 e6 14. Ne5 cxd4 15. Rfd1 d3
16. Nxd3 Nxd3 17. Rxd3 Qc7 18. Nb5 Qc6 19. Rd6 Qb7 20. Rad1 Ne4 21. Rd8 Bxb2
22. Qxb2 Qe7 23. R8d4 Nc5 24. R4d2 a6 25. Nd4 Bb7 26. b4 Ne4 27. Rh2 e5 28. Ne2
Rfd8 29. Rc1 Rd2 30. Rc2 Rd1+ 31. Kg2 Ng5+ 32. Kf2 exf4 33. Nxf4 Qe4 34. Kg3
Qxe3+ 35. Kh4 Nf3+ 36. Kg3 Nxh2+ 37. Kxh2 Qg1# 0-1

[Event "DVM U14w 2010"]
[Site "Templin OT Groß Dölln GER"]
[Date "2010.12.29"]
[Round "5"]
[White "Nobis, Anna"]
[Black "Wang, Yanru"]
[Result "1-0"]
[Termination "normal"]
[Board "2.4"]
[WhiteElo "1397"]
[BlackElo "989"]
[WhiteTeam "Chemnitzer SC Aufbau`95"]
[BlackTeam "SG Oesede-Georgsmarienhütte"]
[PlyCount "89"]
[WhiteFideId "1270302"]
[BlackFideId "12929328"]
[EventCountry "GER"]
[EventRounds "7"]
[EventType "team-swiss"]
[EventDate "2010.12.26"]

1. e4 e5 2. Nf3 Nc6 3. Bc4 Nf6 4. d3 Bc5 5. c3 d5 6. exd5 Nxd5 7. O-O O-O 8.
Re1 Bg4 9. Nbd2 Re8 10. Ne4 Bb6 11. h3 Bh5 12. Ng3 Bg6 13. Bg5 f6 14. Be3 Bxe3
15. fxe3 Na5 16. Bb5 c6 17. Ba4 b5 18. Bc2 Kh8 19. Nh4 Bf7 20. Qg4 g6 21. e4
Nf4 22. d4 Be6 23. Qf3 Rf8 24. Rad1 Qe7 25. b3 Rad8 26. Rf1 Rd7 27. Ne2 Nxe2+
28. Qxe2 Qd8 29. Qf2 Kg8 30. Qe3 Kg7 31. Rf3 Qe8 32. Rg3 Rdf7 33. Nf5+ Bxf5 34.
exf5 g5 35. h4 h6 36. Qf3 Rh8 37. Re1 Re7 38. hxg5 hxg5 39. Rxg5+ fxg5 40. f6+
Kg8 41. fxe7 Qxe7 42. Rxe5 Qd8 43. Qe3 Kf7 44. Rf5+ Kg6 45. Rd5+ 1-0

[Event "DVM U14w 2010"]
[Site "Templin OT Groß Dölln GER"]
[Date "2010.12.29"]
[Round "5"]
[White "Sieber, Fiona"]
[Black "Petermann, Tessa"]
[Result "1-0"]
[Termination "normal"]
[Board "3.1"]
[WhiteElo "1663"]
[BlackElo "1313"]
[WhiteTeam "SG Burgtonna"]
[BlackTeam "SV Schott Jena"]
[PlyCount "87"]
[WhiteFideId "12902373"]
[BlackFideId "12929492"]
[EventCountry "GER"]
[EventRounds "7"]
[EventType "team-swiss"]
[EventDate "2010.12.26"]

1. e4 g6 2. d4 Bg7 3. Nf3 c5 4. Nc3 cxd4 5. Nxd4 a6 6. Be2 Nc6 7. Be3 d6 8. Qd2
Nf6 9. Nxc6 bxc6 10. Bh6 O-O 11. Bxg7 Kxg7 12. O-O Qc7 13. Rad1 Bb7 14. Kh1
Rfd8 15. f4 d5 16. e5 Ng8 17. Qe1 e6 18. Bf3 Ne7 19. g4 d4 20. Ne4 c5 21. Nf6
Bxf3+ 22. Rxf3 Nd5 23. Nxd5 Rxd5 24. Rd2 Qb7 25. Kg2 Kf8 26. Kf2 Qc7 27. Rc3
Re8 28. Ra3 f6 29. Rxa6 f5 30. gxf5 gxf5 31. Kf1 Rd7 32. Ra3 Qb7 33. Rg2 Rg7
34. Rag3 Rxg3 35. Qxg3 Qf7 36. Qa3 Rc8 37. Qa6 Rd8 38. Qb6 Qe7 39. Rg3 Rd7 40.
Qc6 Ke8 41. Qg2 Kd8 42. Qa8+ Kc7 43. Rb3 Qd8 44. Qb7# 1-0

[Event "DVM U14w 2010"]
[Site "Templin OT Groß Dölln GER"]
[Date "2010.12.29"]
[Round "5"]
[White "Monossova, Maria"]
[Black "Gast, Antonia"]
[Result "0-1"]
[Termination "normal"]
[Board "3.2"]
[WhiteElo "1367"]
[BlackElo "1381"]
[WhiteTeam "SV Schott Jena"]
[BlackTeam "SG Burgtonna"]
[PlyCount "63"]
[WhiteFideId "12929506"]
[BlackFideId "12929336"]
[EventCountry "GER"]
[EventRounds "7"]
[EventType "team-swiss"]
[EventDate "2010.12.26"]

1. d4 d5 2. Nf3 Nf6 3. e3 e6 4. Bd3 c5 5. c3 Nbd7 6. O-O Be7 7. Re1 O-O 8. Nbd2
b6 9. e4 dxe4 10. Nxe4 Bb7 11. Nfg5 h6 12. Nxf6+ Nxf6 13. Nf3 Re8 14. Ne5 Qd5
15. f3 cxd4 16. Bc4 Qd8 17. cxd4 Bb4 18. Re2 a6 19. Be3 b5 20. Bb3 Bd5 $11 21.
a3 Ba5 22. Ba2 Rc8 23. b4 Bb6 24. Rc1 Bxa2 25. Rxa2 Rxc1 26. Qxc1 Bxd4 27. Nc6
Bxe3+ 28. Qxe3 Qd5 29. Rd2 Qxc6 30. Rd1 Rc8 31. Qd3 Qc3 32. Qd7 0-1

[Event "DVM U14w 2010"]
[Site "Templin OT Groß Dölln GER"]
[Date "2010.12.29"]
[Round "5"]
[White "Halle, Julia"]
[Black "Glöckner, Helene"]
[Result "1-0"]
[Termination "normal"]
[Board "3.3"]
[WhiteElo "1152"]
[BlackElo "1106"]
[WhiteTeam "SG Burgtonna"]
[BlackTeam "SV Schott Jena"]
[PlyCount "39"]
[WhiteFideId "24694940"]
[EventCountry "GER"]
[EventRounds "7"]
[EventType "team-swiss"]
[EventDate "2010.12.26"]

1. e4 {[%emt 0:00:00]} e5 2. Nf3 Nc6 3. Bc4 Bc5 4. c3 Nf6 5. d4 exd4 6. cxd4
Bb4+ 7. Bd2 Bxd2+ 8. Nbxd2 d5 9. exd5 Nxd5 10. O-O O-O 11. Re1 Bg4 12. Qb3 Nb6
13. Ne5 Nxc4 14. Qxc4 Nxe5 15. Rxe5 Qd6 16. Rae1 Qb6 17. Nb3 Rad8 18. Re7 Rd7
19. Re8 Rd8 20. Qxf7+ 1-0

[Event "DVM U14w 2010"]
[Site "Templin OT Groß Dölln GER"]
[Date "2010.12.29"]
[Round "5"]
[White "Dietzel, Maren"]
[Black "Winterberg, Johanna"]
[Result "1/2-1/2"]
[Termination "normal"]
[Board "3.4"]
[WhiteElo "893"]
[BlackElo "1080"]
[WhiteTeam "SV Schott Jena"]
[BlackTeam "SG Burgtonna"]
[PlyCount "60"]
[BlackFideId "12929344"]
[EventCountry "GER"]
[EventRounds "7"]
[EventType "team-swiss"]
[EventDate "2010.12.26"]

1. d4 {[%emt 0:00:00]} d6 {[%emt 0:00:00]} 2. Nf3 Nd7 3. e4 c5 4. c3 g6 5. Nbd2
Bg7 6. Bd3 Ngf6 7. O-O O-O 8. Re1 Ng4 9. Qc2 b6 10. b3 Bb7 11. Bb2 h5 12. h3
Nh6 13. c4 cxd4 14. Nxd4 Nc5 15. Rab1 Kh7 16. N4f3 Nxd3 17. Qxd3 f6 18. Nd4 Qd7
19. f3 e5 20. Ne2 a5 21. Nc3 f5 22. Qe3 Qc7 23. Qe2 f4 24. a4 Ng8 25. Nd5 Qc5+
26. Kh1 Bxd5 27. cxd5 Rab8 28. Nc4 Ne7 29. Red1 Ra8 30. Ba3 Qc7 $11 1/2-1/2

[Event "DVM U14w 2010"]
[Site "Templin OT Groß Dölln GER"]
[Date "2010.12.29"]
[Round "5"]
[White "Cozma, Diana"]
[Black "Edel, Fenja"]
[Result "0-1"]
[Termination "normal"]
[Board "4.1"]
[WhiteElo "1258"]
[BlackElo "1506"]
[WhiteTeam "SV Muldental Wilkau-Haßlau"]
[BlackTeam "SV Lingen"]
[PlyCount "74"]
[WhiteFideId "12929387"]
[BlackFideId "24696749"]
[EventCountry "GER"]
[EventRounds "7"]
[EventType "team-swiss"]
[EventDate "2010.12.26"]

1. e4 e6 2. d4 d5 3. Nc3 Nf6 4. Bg5 Be7 5. e5 Nfd7 6. h4 h6 7. Qh5 g6 8. Bxe7
Qxe7 9. Qg4 b6 10. Bd3 Ba6 11. a3 Bxd3 12. cxd3 c5 13. Nf3 Nc6 14. Nb5 O-O-O
15. Qf4 Kb8 16. O-O Rdg8 17. Nd6 cxd4 18. Nxf7 {=} Rf8 19. Nxh8 Rxf4 20. Nxg6
Qf7 21. Nxf4 Qxf4 22. Rfe1 Ncxe5 23. Nxe5 Nxe5 24. Re2 Nxd3 25. Rd1 Qf5 26.
Red2 Nf4 27. Re1 e5 28. b3 d3 29. Kh1 e4 30. Rdd1 d4 31. Rf1 e3 32. fxe3 dxe3
33. Rde1 e2 34. Rg1 d2 35. Rb1 Qxb1 36. Rxb1 e1=R+ 37. Rxe1 dxe1=Q+ 0-1

[Event "DVM U14w 2010"]
[Site "Templin OT Groß Dölln GER"]
[Date "2010.12.29"]
[Round "5"]
[White "Fromm, Katja"]
[Black "Schlichter, Lisa"]
[Result "0-1"]
[Termination "normal"]
[Board "4.3"]
[WhiteElo "1251"]
[BlackElo "1007"]
[WhiteTeam "SV Muldental Wilkau-Haßlau"]
[BlackTeam "SV Lingen"]
[PlyCount "88"]
[WhiteFideId "12929409"]
[BlackFideId "12926396"]
[EventCountry "GER"]
[EventRounds "7"]
[EventType "team-swiss"]
[EventDate "2010.12.26"]

1. d4 d5 2. c4 e6 3. Nc3 Nf6 4. Bg5 Be7 5. Nf3 O-O 6. e3 Nbd7 7. Be2 h6 8. Bh4
b6 9. O-O Bb7 10. cxd5 exd5 11. Bd3 Re8 12. h3 Nf8 13. Bg3 Rc8 14. Rc1 Bd6 15.
Bxd6 Qxd6 16. Nb5 Qd8 17. Nxa7 Ra8 18. Nb5 Ne6 19. a3 c5 20. Nc3 c4 21. Be2 Bc6
22. Ne5 Bd7 23. Bf3 Nc7 24. Kh2 b5 25. g3 Ra6 26. Bg2 Be6 27. a4 b4 28. Nb5
Nxb5 29. axb5 Rb6 30. Nc6 Qd6 31. b3 Rxb5 32. bxc4 dxc4 33. Ne5 Rc8 34. Qa4 Rb6
35. Qd1 c3 36. Qd3 Nd7 37. Nxd7 Qxd7 38. Qe4 b3 39. Qd3 c2 40. Rg1 Qc7 41. Be4
Bd7 42. f4 Ba4 43. Bh7+ Kh8 44. Bf5 b2 0-1

[Event "DVM U14w 2010"]
[Site "Templin OT Groß Dölln GER"]
[Date "2010.12.29"]
[Round "5"]
[White "Möller, Hannah"]
[Black "Böhle, Annika"]
[Result "1-0"]
[Termination "normal"]
[Board "4.4"]
[WhiteElo "954"]
[BlackElo "1166"]
[WhiteTeam "SV Lingen"]
[BlackTeam "SV Muldental Wilkau-Haßlau"]
[PlyCount "125"]
[WhiteFideId "1270514"]
[BlackFideId "12929417"]
[EventCountry "GER"]
[EventRounds "7"]
[EventType "team-swiss"]
[EventDate "2010.12.26"]

1. c4 {[%emt 0:00:00]} e5 2. Nc3 Nf6 3. g3 Bc5 4. Bg2 Nc6 5. e3 O-O 6. Nge2 d6
7. O-O Bf5 8. a3 Qc8 9. b4 Bb6 10. b5 Ne7 11. a4 Ba5 12. Bb2 Bd3 13. Re1 Bxc4
14. d3 Be6 15. Rb1 c6 16. Ba3 Qc7 17. Bb4 Rfb8 18. d4 exd4 19. Qxd4 Bxb4 20.
Qxb4 c5 21. Qa3 d5 22. Nf4 d4 23. exd4 cxd4 24. Ne4 Nxe4 25. Bxe4 Bg4 26. a5 a6
27. Bg2 Ng6 28. Nd3 Bd7 29. b6 Qd8 30. Ne5 Nxe5 31. Rxe5 Bc6 32. Qe7 Qxe7 33.
Rxe7 Kf8 34. Rc7 Bxg2 35. Kxg2 Rd8 36. Kf1 Re8 37. Rd7 Rad8 38. Rxd8 Rxd8 39.
Ke2 Ke7 40. Kd3 Ke6 41. f4 f6 42. Rb4 g5 43. Rxd4 Rxd4+ 44. Kxd4 gxf4 45. gxf4
f5 46. h4 h5 47. Kc5 Kd7 48. Kd5 Ke7 49. Ke5 Kd7 50. Kxf5 Kc6 51. Kg5 Kb5 52.
f5 Kxa5 53. f6 Kxb6 54. f7 a5 55. f8=Q a4 56. Qd6+ Kb5 57. Kf5 Kc4 58. Ke5 Kb3
59. Qb6+ Ka2 60. Kd4 Ka1 61. Kc3 a3 62. Kc2 a2 63. Qb2# 1-0

[Event "DVM U14w 2010"]
[Site "Templin OT Groß Dölln GER"]
[Date "2010.12.29"]
[Round "5"]
[White "Kluge, Leyla"]
[Black "Alsheimer, Lea"]
[Result "0-1"]
[Termination "normal"]
[Board "5.2"]
[WhiteElo "1249"]
[BlackElo "1034"]
[WhiteTeam "USG Chemnitz"]
[BlackTeam "SC Bechhofen"]
[PlyCount "86"]
[WhiteFideId "12918172"]
[BlackFideId "12918180"]
[EventCountry "GER"]
[EventRounds "7"]
[EventType "team-swiss"]
[EventDate "2010.12.26"]

1. c4 b6 2. Nc3 Bb7 3. Nf3 f5 4. d3 e6 5. Bf4 Bb4 6. Be5 Nf6 7. Rc1 d6 8. Bf4
O-O 9. a3 Bxc3+ 10. Rxc3 Nbd7 11. b4 Qe7 12. Qc1 c5 13. Be3 e5 14. Bg5 h6 15.
Bxf6 Rxf6 16. Rb3 g5 17. Nxg5 hxg5 18. Qxg5+ Qg7 19. Qxg7+ Kxg7 20. e3 Re8 21.
Be2 d5 22. Kd2 d4 23. Rf1 Re7 24. g3 Bg2 25. Rg1 Bh3 26. a4 cxb4 27. Rxb4 a5
28. Rb5 Nc5 29. exd4 exd4 30. Bd1 Bg4 31. Bxg4 fxg4 32. Re1 Rxf2+ 33. Kd1 Rxe1+
34. Kxe1 Nxd3+ 35. Kd1 Nb2+ 36. Ke1 Rxh2 37. Rg5+ Kf6 38. Rxg4 d3 39. Rd4 Ke5
40. Rd5+ Ke4 41. g4 Nxc4 42. Rh5 d2+ 43. Kd1 Ne3# 0-1

[Event "DVM U14w 2010"]
[Site "Templin OT Groß Dölln GER"]
[Date "2010.12.29"]
[Round "5"]
[White "Böse, Christina"]
[Black "Jentzsch, Juliane"]
[Result "0-1"]
[Termination "normal"]
[Board "5.3"]
[WhiteElo "859"]
[BlackElo "1091"]
[WhiteTeam "SC Bechhofen"]
[BlackTeam "USG Chemnitz"]
[PlyCount "70"]
[WhiteFideId "12929654"]
[EventCountry "GER"]
[EventRounds "7"]
[EventType "team-swiss"]
[EventDate "2010.12.26"]

1. e4 c5 2. Nc3 Nc6 3. g3 g6 4. Bg2 Bg7 5. d3 d6 6. Be3 Nf6 7. Nge2 O-O 8. f3
a6 9. O-O b5 10. a3 Be6 11. b3 Qd7 12. Nf4 Rfb8 13. a4 b4 14. Na2 a5 15. Qe2
Rc8 16. Rfc1 Ne8 17. c3 Bxb3 18. Bd2 Bxa2 19. Rxa2 Ra7 20. Nd5 Qb7 21. Rb2 Rb8
22. Qe1 Nc7 23. Nxc7 Qxc7 24. Rb3 Qd7 25. c4 Nd4 26. Rbb1 Qxa4 27. Be3 Qc6 28.
h3 a4 29. g4 a3 30. Bxd4 Bxd4+ 31. Kf1 b3 32. Rd1 a2 33. Rbc1 b2 34. Rb1 a1=Q
35. Rxa1 bxa1=Q 0-1

[Event "DVM U14w 2010"]
[Site "Templin OT Groß Dölln GER"]
[Date "2010.12.29"]
[Round "5"]
[White "Scheibe, Lydia"]
[Black "Dobler, Leonie"]
[Result "1-0"]
[Termination "normal"]
[Board "5.4"]
[WhiteElo "1002"]
[BlackElo "753"]
[WhiteTeam "USG Chemnitz"]
[BlackTeam "SC Bechhofen"]
[PlyCount "133"]
[BlackFideId "12929662"]
[EventCountry "GER"]
[EventRounds "7"]
[EventType "team-swiss"]
[EventDate "2010.12.26"]

1. e4 e5 2. Nf3 Nc6 3. Bc4 Bc5 4. d3 d6 5. Nc3 Nf6 6. Qe2 Qe7 7. h3 h6 8. Be3
Bxe3 9. Qxe3 Be6 10. Bb5 Bd7 11. O-O a6 12. Ba4 O-O 13. a3 b5 14. Bb3 Na5 15.
Ba2 Rfb8 16. b4 Nc6 17. Nd5 Nxd5 18. Bxd5 a5 19. c3 Ra6 20. Rfd1 axb4 21. axb4
Rxa1 22. Rxa1 Kf8 23. Ra6 Qe8 24. d4 f6 25. Qd3 Rb6 26. Rxb6 cxb6 27. c4 Nxb4
28. Qc3 Na2 29. Qd3 Bc6 30. Qa3 Bxd5 31. cxd5 exd4 32. Qxa2 d3 33. Nd2 f5 34.
f3 fxe4 35. Nxe4 Qe5 36. Qa8+ Kf7 37. Qb7+ Qe7 38. Qc6 d2 39. Qc2 b4 40. Qxd2
b3 41. Qb2 Qe5 42. Qxb3 Qa1+ 43. Kh2 Qe5+ 44. Kh1 Qa1+ 45. Kh2 Qc1 46. Nxd6+
Kg6 47. Qd3+ Kh5 48. Qf5+ g5 49. Qg4+ Kg6 50. h4 Qc5 51. h5+ Kf6 52. Qe6+ Kg7
53. Nf5+ Kf8 54. Qf6+ Ke8 55. d6 Kd7 56. Qf7+ Kc6 57. d7 Qe5+ 58. Kg1 Qe1+ 59.
Kh2 Qe5+ 60. g3 Qe2+ 61. Kg1 Qe1+ 62. Kh2 Qf2+ 63. Kh3 Kc7 64. d8=Q+ Kxd8 65.
Qe7+ Kc8 66. Nd6+ Kb8 67. Qb7# 1-0

[Event "DVM U14w 2010"]
[Site "Templin OT Groß Dölln GER"]
[Date "2010.12.29"]
[Round "5"]
[White "Bajorski, Maria Sophie"]
[Black "Weber, Sandra"]
[Result "0-1"]
[Termination "normal"]
[Board "6.1"]
[WhiteElo "1357"]
[BlackElo "1575"]
[WhiteTeam "SK Freiburg-Zähringen 1887 e.V."]
[BlackTeam "SF Heilbronn-Biberach"]
[PlyCount "120"]
[WhiteFideId "24654531"]
[BlackFideId "1270049"]
[EventCountry "GER"]
[EventRounds "7"]
[EventType "team-swiss"]
[EventDate "2010.12.26"]

1. e4 e5 2. Nf3 Nc6 3. Bc4 Bc5 4. c3 Nf6 5. d4 exd4 6. cxd4 Bb4+ 7. Nc3 d5 8.
e5 Ne4 9. O-O Nxc3 10. bxc3 Bxc3 11. Qb3 Bxa1 12. Bxd5 Be6 13. Bxe6 fxe6 14.
Bg5 Qd7 15. Rxa1 h6 16. Be3 b6 17. Rd1 Ne7 18. Ne1 Nd5 19. Bc1 O-O-O 20. Qa3
Kb7 21. Nd3 Qb5 22. Be3 Rhf8 23. Qc1 Qc6 24. Qb2 Qc3 25. Qb1 Ka8 26. Rc1 Qa3
27. Qc2 Kb8 28. Bd2 Rf7 29. Rb1 Re8 30. Qc6 Qxd3 31. Qxe8+ Kb7 32. Rb2 Qxd4 33.
Qxf7 Qxb2 34. Be1 Qe2 35. h3 Qxe1+ 36. Kh2 Qxe5+ 37. g3 Qe2 38. Kg1 g5 39. Qg6
Qd1+ 40. Kg2 Qe2 41. Kg1 Nc3 42. Qxh6 Ne4 43. Qf8 Qxa2 44. Qf3 Qd5 45. Qe2 a5
46. h4 gxh4 47. gxh4 Nf6 48. Kh2 Qh5 49. Qxe6 Qxh4+ 50. Kg1 Qg4+ 51. Qxg4 Nxg4
52. f3 Nf6 53. f4 a4 54. Kg2 a3 55. Kg3 a2 56. Kh4 a1=Q 57. Kg5 Kc6 58. f5 Ne4+
59. Kg6 Qf6+ 60. Kh7 Ng5+ 0-1

[Event "DVM U14w 2010"]
[Site "Templin OT Groß Dölln GER"]
[Date "2010.12.29"]
[Round "5"]
[White "Triantafillidis, Zoe"]
[Black "Hund, Sarah"]
[Result "1-0"]
[Termination "normal"]
[Board "6.2"]
[WhiteElo "1278"]
[BlackElo "1270"]
[WhiteTeam "SF Heilbronn-Biberach"]
[BlackTeam "SK Freiburg-Zähringen 1887 e.V."]
[PlyCount "107"]
[WhiteFideId "12900150"]
[BlackFideId "12923338"]
[EventCountry "GER"]
[EventRounds "7"]
[EventType "team-swiss"]
[EventDate "2010.12.26"]

1. e4 e5 2. Nf3 Nc6 3. Nc3 Nf6 4. d4 exd4 5. Nxd4 Bb4 6. Nxc6 bxc6 7. Bd3 O-O
8. Bd2 d5 9. exd5 cxd5 10. O-O Be6 11. a3 Bc5 12. Bg5 Bd4 13. Bxh7+ Kxh7 14.
Qxd4 Rb8 15. b3 Rg8 16. Rfe1 c5 17. Qd3+ g6 18. Qf3 Kg7 19. Rad1 Bg4 20. Bxf6+
Qxf6 21. Qxf6+ Kxf6 22. Rxd5 Rge8 23. Rxe8 Rxe8 24. h3 Re1+ 25. Kh2 Bf5 26.
Rxc5 Bxc2 27. Nd5+ Ke6 28. Nf4+ Kd6 29. Rxc2 Rb1 30. Rc3 Ke5 31. Kg3 g5 32.
Re3+ Kd4 33. Ne2+ Kc5 34. Kg4 Ra1 35. Kxg5 Rxa3 36. b4+ Kxb4 37. Rxa3 Kxa3 38.
h4 a5 39. h5 Kb2 40. h6 a4 41. h7 f6+ 42. Kxf6 a3 43. h8=Q a2 44. Ke6+ Kb1 45.
Nc3+ Kc2 46. Nxa2 Kd3 47. Qh4 Ke2 48. Qg3 Kf1 49. f4 Kg1 50. f5 Kf1 51. f6 Kg1
52. f7 Kh1 53. f8=Q Kg1 54. Qff2+ 1-0